1241 1988 1703 1472 1072 1934 1911 1862 1269 1823 1069 1685 1515 1702 1808 1888 1888 1772 1037 1301 1872 1039 1629 1376 1413 1775 1784 1180 1895 1770 1756 1751 1532 1233 1767 1680 1769 1421 1621 1295 1997 1515 1529 1078 1578 1125 1506 1978 1399 1607 1745 1805 1005 1912 1023 1660 1275 1800 1871 1227 1727 1783 1228 1270 1970 1794 1163 1228 1825 1796 1345 1868 1630 1425 1545 1949 1004 1504 1490 1861 1650 1174 1254 1984 1543 1927 1233 1509 1461 1363 1587 1277 1041 1825 1554 1992 1340 1018 1569 BCNSPRNW ULIB Ver.6.0+V

เปลี่ยนเป็นภาษาไทย

Change to English
 แสดงรายละเอียดบรรณานุกรม
  กลับหน้าหลัก

Brief Record : Get Marc (ISO 2709) : E-mail record : QR code < ปิดหน้าต่าง
LEADER : 00000nam 2200000uu 4500
001    13399111184
003     ULIB
008    110620s2546||||th 000 0 tha d
060 04 WL101^bม32ป 2546
100 0  มีชัย ศรีใส
245 10 ประสาทกายวิภาคศาสตร์ =^bNeuroanatomy /^cมีชัย ศรีใส
246 31 Neuroanatomy
250    พิมพ์ครั้งที่ 4
260    กรุงเทพฯ :^bภาควิชากายวิภาคศาสตร์ คณะแพทยศาสตร์จุฬาลงกรณ์มหาวิทยาลัย,^c2546
300    viii; 525 หน้า :^bภาพประกอบ ;^c27 ซม.
650  2 Neuroanatomy
650  7 ประสาทกายวิภาคศาสตร์
710 2  จุฬาลงกรณ์มหาวิทยาลัย. ^bคณะแพทยศาสตร์.^bภาควิชากายวิภาคศาสตร์
945    ^p390^l0^i14709
945    ^p390^l0^i14708
995    กัณชพร
999    ^aใช้งานได้ทุกระบบ
รายการนี้ยังไม่มีแท็ก
คุณยังไม่ได้ล็อกอิน คุณสามารถมีกิจกรรมร่วมกับเว็บไซต์ได้ แต่ต้องล็อกอินก่อน ::
  ล็อกอิน

รายการสื่อสารสนเทศ

ลำดับที่ ประเภท เลขเรียก/บาร์โค้ด สถานที่ สถานะ
1. วิทยาศาสตร์การแพทย์ และสุขภาพ
วิทยาศาสตร์การแพทย์ และสุขภาพ
WL101 ม32ป 2546 ฉ.2 
  Barcode: 14709
ห้องสมุดวิทยาเขตสวรรค์ประชารักษ์
►ส่วนจัดเก็บหนังสือเก่า สปร
บนชั้น
  ขอยืม

รายการใกล้เคียง
    หัวเรื่อง [Neuroanatomy]
    หัวเรื่อง [ประสาทกายวิภาคศาสตร์]

BibComment


ยังไม่เคยถูกคอมเมนท์

คอมเมนท์ทรัพยากรรายการนี้
  คอมเมนท์: ประสาทกายวิภาคศาส..


 Copyright 2026. Bcnsprnw @Library